| 000 | 00487nam a22001697a 4500 | ||
|---|---|---|---|
| 003 | MACL | ||
| 005 | 20160331151135.0 | ||
| 008 | 160331b xxu||||| |||| 00| 0 eng d | ||
| 040 | _cMACL | ||
| 041 | _aHindi | ||
| 082 | _a333 | ||
| 100 |
_aथम्मन सिंह सरस _945126 |
||
| 245 | _aप्रकृति की चादर | ||
| 260 |
_aदिल्ली _bड्रीम बुक सर्विस |
||
| 650 |
_aEnvironment _949323 |
||
| 942 |
_2ddc _cHIN |
||
| 999 |
_c53657 _d53657 |
||